000 00443 a2200145 4500
001 ART_6695
005 20260410161826.0
008 260409a
245 1 0 _aReserva de Biosfera. Parque Atlántico Mar Chiquito
100 1 _aBertoni, Marcela
700 1 _aVolpato, Guillermo Gustavo
700 1 _aLópez, María José
700 1 _aGonzález, María G.
773 0 _tFACES
_g- Año 13, Nº 28 (ene./jun. 2007)
_wREV5046
999 _c22813
_d22813